| 000 | 01057ngm a22002770a 4500 | ||
|---|---|---|---|
| 001 | PT33142 | ||
| 003 | AR-LpoUNG | ||
| 005 | 20210202000432.0 | ||
| 007 | vd cvaizq | ||
| 008 | 191001s2008||||ag |||||||||||||||||eng d | ||
| 040 |
_aAR-LpoUNG _bspa _cAR-LpoUNG _eaacr |
||
| 041 | _aeng | ||
| 044 | _aag | ||
| 082 | 0 | _a304 643gra | |
| 100 | 1 |
_aGonzalez Iñarritu, Alejandro _edir. |
|
| 245 | 1 | 0 | _aVeintiun gramos |
| 260 |
_aSan Luis : _bAVH, _c2008. |
||
| 300 | _aDVD (124 min.) : son., col. | ||
| 520 | _a<p>21 gramos se muestra una película que junta varias líneas argumentales, esta vez alrededor de las consecuencias de un trágico accidente de automóvil. Sean Penn interpreta a un matemático gravemente enfermo, Naomi Watts interpreta a una afligida madre, y Del Toro interpreta a un convicto cuyo descubrimiento del Cristianismo se pone a prueba tras el accidente.</p> | ||
| 650 | 4 | _aDRAMA | |
| 651 | 4 | _aEstados Unidos de América | |
| 653 | _aDVD | ||
| 653 | _aVIDEOS | ||
| 905 | _a33142 | ||
| 942 | _cDVD | ||
| 999 |
_c54842 _d54842 |
||